[Event "13th Salou Open"]
[Site "Salou ESP"]
[Date "2011.05.08"]
[Round "6"]
[White "Peralta,Fe"]
[Black "Larino Nieto,D"]
[Result "1-0"]
[WhiteElo "2608"]
[BlackElo "2487"]

1.d4 Nf6 2.c4 g6 3.Nc3 Bg7 4.e4 d6 5.Nf3 O-O 6.Be2 e5 7.Be3 Na6 8.O-O Ng4
9.Bg5 Qe8 10.dxe5 dxe5 11.Qc1 h6 12.Bd2 Kh7 13.c5 c6 14.h3 Nf6 15.Be3 Qe7
16.Bxa6 bxa6 17.Qc2 Nh5 18.Rad1 f5 19.Rd6 Rb8 20.Bc1 Rb4 21.Rxc6 fxe4 22.Nd5 Qe8
23.Ng5+ hxg5 24.Nxb4 a5 25.Rxc8 Qxc8 26.Nd5 g4 27.hxg4 Qxg4 28.Re1 e3 29.Nxe3 Qh4
30.Nc4 e4 31.Rxe4 Rxf2 32.Rxh4 Rxc2 33.Bg5 Bf8 34.Be3 Be7 35.Re4 Bd8 36.c6 Ng7
37.Bf4 Bb6+ 38.Nxb6 axb6 39.Re7 Kg8 40.c7 Kf8 41.Rxg7  1-0

[Event "TCh-SVK Extraliga 2010-11"]
[Site "Slovakia SVK"]
[Date "2011.05.08"]
[Round "11"]
[White "Krak,T"]
[Black "Soldan,J"]
[Result "1-0"]
[WhiteElo "2233"]
[BlackElo "1884"]

1.Nf3 Nf6 2.c4 g6 3.Nc3 Bg7 4.e4 d6 5.d4 O-O 6.Be2 Nbd7 7.O-O e5 8.Be3 a5
9.d5 b6 10.Nd2 Nc5 11.a3 Bb7 12.b4 axb4 13.axb4 Rxa1 14.Qxa1 Ncd7 15.Qa7 Qa8
16.Ra1 Rb8 17.Nb5 Ne8 18.Bg4 Ndf6 19.Bh3 h6 20.f3 Kf8 21.Qxa8 Rxa8 22.Rxa8 Bxa8
23.Bc8 Ke7 24.Na7 Nd7 25.Nb1 f5 26.Nc6+ Bxc6 27.dxc6 Nb8 28.b5 f4 29.Bc1 Nxc6
30.bxc6 h5 31.Nc3 Nf6 32.Nd5+ Nxd5 33.cxd5 h4 34.Bd2 Bf6 35.Be1 g5 36.Kf1 Kf8
37.Bf2 Bd8 38.Ke2 Kg7 39.Kd3 Kf8 40.Kc4 Ke8 41.Kb5 Be7 42.Bxb6 Kd8 43.Bd7 cxb6
44.Kxb6 h3 45.Bxh3 g4 46.c7+ Ke8 47.c8=Q+ Bd8+ 48.Kc6  1-0

[Event "TCh-SUI 2011"]
[Site "Switzerland SUI"]
[Date "2011.05.08"]
[Round "4.6"]
[White "Grandadam,N"]
[Black "Vogt,L"]
[Result "1/2-1/2"]
[WhiteElo "2286"]
[BlackElo "2413"]

1.Nf3 g6 2.c4 Bg7 3.e4 d6 4.d4 Nf6 5.Nc3 O-O 6.Be2 e5 7.O-O Nbd7 8.Qc2 c6
9.Rd1 Qe7 10.Rb1 exd4 11.Nxd4 Nc5 12.f3 Nh5 13.g4 Nf6 14.Bf4 Ne8 15.Bg3 Ne6
16.Nxe6 Bxe6 17.f4 f5 18.exf5 gxf5 19.g5 Nc7 20.Re1 Qf7 21.b3 d5 22.cxd5 Nxd5
23.Nxd5 Bxd5 24.Bc4 Rae8 25.Rxe8 Rxe8 26.Rd1 Bxc4 27.Qxc4 Qxc4 28.bxc4 Kf7
29.Rd7+ Re7 30.Rxe7+ Kxe7 31.Bf2 b6 32.h4 h5 33.Kf1 Ke6 34.Ke2 Bf8 35.Be3 Bb4
36.a4 Bd6 37.Kd3 Bb4 38.Bf2 Bd6 39.Be3 Bb4 40.Bd2 Bc5 41.Ke2 a5 42.Bc3 Kf7
43.Be5  1/2-1/2

[Event "ch-Euro Indiv Women"]
[Site "Tbilisi GEO"]
[Date "2011.05.08"]
[Round "2"]
[White "Cherednichenko,S"]
[Black "Khukhashvili,S"]
[Result "1/2-1/2"]
[WhiteElo "2297"]
[BlackElo "2421"]

1.d4 d6 2.Nf3 g6 3.e4 Bg7 4.c4 e5 5.Nc3 Nd7 6.Be2 Ngf6 7.O-O O-O 8.Be3 Re8
9.d5 Nh5 10.Re1 Bf8 11.b4 Ng7 12.Nd2 a5 13.a3 Be7 14.Nb5 f5 15.f3 c6 16.Na7 cxd5
17.Nxc8 Rxc8 18.cxd5 Bh4 19.Rf1 Rc3 20.Nc4 Rxe3 21.Nxe3 Qb6 22.Qd3 Bg5 23.Kh1 Qxe3
24.Qxe3 Bxe3 25.Bb5 Re7 26.Rfe1 Bd4 27.Rac1 Nf6 28.Rc8+ Kf7 29.bxa5 Ngh5
30.g3 fxe4 31.fxe4 Bf2 32.Rec1 Nxe4 33.R1c7 Nc5 34.Rxe7+ Kxe7 35.Rc7+ Kf6
36.Rxh7 Ng7 37.Rh8 Be1 38.Rf8+ Ke7 39.Ra8 Nf5 40.Ra7 Kf6 41.Rxb7 Bxa5 42.Ra7 Bb6
43.Ra8 Ne3 44.Bc6 e4 45.a4 Nb3 46.Re8 Ng4 47.Re6+ Kg7 48.Rxd6 Bc5 49.Rd8 Nd4
50.Bb7 e3 51.Ba6 Nf6 52.Kg2 Be7 53.Rc8 Nxd5 54.Kf1 Kf6 55.Bd3 Nb4 56.Bc4 Nbc6
57.Ra8 Bb4 58.Bd3 Ne5 59.Be2 Nec6 60.Bd3 Bd2 61.Re8 Nf3 62.Rf8+ Kg7 63.Rxf3 Ne5
64.Ke2 Nxf3 65.Kxf3 g5  1/2-1/2

[Event "13th Salou Open"]
[Site "Salou ESP"]
[Date "2011.05.09"]
[Round "7"]
[White "Peralta,Fe"]
[Black "Hamdouchi,H"]
[Result "1/2-1/2"]
[WhiteElo "2608"]
[BlackElo "2593"]

1.d4 Nf6 2.c4 g6 3.Nc3 Bg7 4.e4 d6 5.Nf3 O-O 6.Be2 e5 7.Be3 Ng4 8.Bg5 f6
9.Bh4 Nd7 10.O-O Nh6 11.Qd2 Nf7 12.h3 a5 13.Rad1 Kh8 14.Rfe1 c6 15.b3 Qe7
16.Bf1 Bh6 17.Qc2 Ng5 18.Nxg5 fxg5 19.Bg3 Bg7 20.c5 dxc5 21.d5 Rd8 22.dxc6 bxc6
23.Na4 Rf8 24.Qc3 h5 25.Rd2 g4 26.hxg4 hxg4 27.Red1 Ra7 28.Rd6 Nf6 29.Qe3 Nh5
30.Nxc5 Kh7 31.Qc3  1/2-1/2

[Event "ch-UKR semi-final"]
[Site "Alushta UKR"]
[Date "2011.05.11"]
[Round "9.52"]
[White "Stolpovsky,S"]
[Black "Bezkorovaina,M"]
[Result "0-1"]
[WhiteElo "2153"]
[BlackElo "1990"]

1.d4 Nf6 2.c4 g6 3.Nc3 Bg7 4.e4 d6 5.Be2 O-O 6.Nf3 e5 7.d5 Nbd7 8.O-O Nc5
9.Qc2 a5 10.Bg5 h6 11.Be3 Nh5 12.Nd2 Nf4 13.Rfe1 f5 14.Bf1 b6 15.a3 Nh5 16.f3 f4
17.Bf2 Bf6 18.b4 Nb7 19.Nb3 Bh4 20.Bxh4 Qxh4 21.Qf2 Qe7 22.Rec1 a4 23.Nd2 Kh7
24.Nd1 Rg8 25.Nb2 Nf6 26.Nd3 Nd7 27.Nb1 g5 28.Be2 h5 29.h3 Nf6 30.c5 bxc5
31.bxc5 Na5 32.Nd2 Rg6 33.cxd6 cxd6 34.g4 fxg3 35.Qxg3 g4 36.hxg4 hxg4 37.f4 Nh5
38.Qh2 Rh6 39.fxe5 g3 40.Qg2 Ba6 41.exd6 Qa7+ 42.Nc5 Nf4 43.Bxa6 Nxg2 44.Kxg2 Rh2+
45.Kxg3 Rg8+  0-1

[Event "ch-Euro Indiv Women"]
[Site "Tbilisi GEO"]
[Date "2011.05.11"]
[Round "5"]
[White "Guramishvili,S"]
[Black "Arakhamia-Grant,K"]
[Result "0-1"]
[WhiteElo "2299"]
[BlackElo "2462"]

1.d4 Nf6 2.c4 g6 3.Nc3 Bg7 4.e4 d6 5.Be2 O-O 6.Be3 e5 7.Nf3 exd4 8.Nxd4 Re8
9.f3 c6 10.Bf2 d5 11.exd5 cxd5 12.O-O Nc6 13.c5 Nh5 14.Qd2 Be5 15.g3 Ng7
16.Rfd1 Be6 17.f4 Bxd4 18.Bxd4 Nf5 19.Bf2 d4 20.Nb5 Bd5 21.Bg4 Bc4 22.Bxf5 Bxb5
23.Bg4 Qd5 24.a4 Bc4 25.Rdc1 a5 26.Ra3 d3 27.Qc3 Ba6 28.Rd1 Rad8 29.Rd2 Nb4
30.Bd1 Qc6 31.Bb3 Re2 32.Ra1 Rxd2 33.Qxd2 b6 34.Kf1 Re8 35.Bd1 Bb7 36.Bg1 Re2
37.Bxe2 Qg2+ 38.Ke1 Qxg1+  0-1

[Event "46th Capablanca Memorial Open B"]
[Site "Havana CUB"]
[Date "2011.05.12"]
[Round "2.17"]
[White "Chacon,Joel"]
[Black "Perez Torres,Y"]
[Result "1/2-1/2"]
[WhiteElo "2049"]
[BlackElo "2013"]

1.d4 g6 2.c4 Nf6 3.Nc3 Bg7 4.e4 d6 5.Nf3 O-O 6.Be2 e5 7.d5 a5 8.Bg5 Na6 9.Nd2 Nc5
10.Qc2 h6 11.Be3 b6 12.f3 Nh5 13.g3 f5 14.O-O-O Nf6 15.Bxc5 bxc5 16.Rhg1 fxe4
17.Ndxe4 Nxe4 18.Nxe4 Bd7 19.h4 Rb8 20.Rh1 Qe8 21.Rd2 a4 22.g4 Qf7 23.Bd1 Qf4
24.Qd3 Rb4 25.a3 Rb6  1/2-1/2

[Event "ch-Euro Indiv Women"]
[Site "Tbilisi GEO"]
[Date "2011.05.12"]
[Round "6"]
[White "Savina,A"]
[Black "Daulyte,D"]
[Result "1-0"]
[WhiteElo "2389"]
[BlackElo "2306"]

1.d4 Nf6 2.c4 g6 3.Nc3 Bg7 4.e4 d6 5.Nf3 O-O 6.Be2 Na6 7.O-O e5 8.Be3 Ng4
9.Bg5 Qe8 10.Re1 exd4 11.Nd5 f6 12.Bf4 d3 13.Qxd3 Ne5 14.Qc2 Qf7 15.Rad1 Nc5
16.b4 Ne6 17.Bg3 Bd7 18.c5 dxc5 19.Bxe5 fxe5 20.Bc4 Be8 21.Ng5 Nxg5 22.Ne7+ Kh8
23.Bxf7 Rxf7 24.Nd5 cxb4 25.Nxb4 Ne6 26.Qc4 Nf4 27.Rd2 Bf8 28.Red1 b5 29.Qc3 Bd6
30.Nc6 b4 31.Qc4 Rf8 32.Nxb4 Bf7 33.Qc3 Rab8 34.Nd3 Nxd3 35.Qxd3 Rb4 36.Qe3 a5
37.h4 Ra4 38.Qh6 Rb8 39.Rxd6 cxd6 40.Rxd6 Rxe4 41.Qg5 Re8 42.Rd7 Rf4 43.Re7 Rxe7
44.Qxe7 Kg8 45.Qd8+ Kg7 46.Qxa5 Rxh4 47.Qxe5+ Kg8 48.Qb8+ Kg7 49.Qa7 Kf6
50.a4 Bd5 51.Qd7 Rd4 52.a5 Rd1+ 53.Kh2 Bb3 54.Qc6+ Be6 55.Qf3+  1-0

[Event "ch-Euro Indiv Women"]
[Site "Tbilisi GEO"]
[Date "2011.05.12"]
[Round "6"]
[White "Goryachkina,A"]
[Black "Janjghava,N"]
[Result "0-1"]
[WhiteElo "2103"]
[BlackElo "2291"]

1.d4 Nf6 2.c4 g6 3.Nc3 Bg7 4.e4 d6 5.Nf3 O-O 6.Be2 e5 7.Be3 Ng4 8.Bg5 f6
9.Bh4 Nc6 10.d5 Ne7 11.Nd2 Nh6 12.f3 g5 13.Bf2 f5 14.c5 g4 15.fxg4 Nxg4 16.Bxg4 fxg4
17.O-O Ng6 18.g3 Bd7 19.Nc4 dxc5 20.Bxc5 Rxf1+ 21.Qxf1 b6 22.Ba3 Nh8 23.Ne3 Nf7
24.Nf5 Bxf5 25.Qxf5 Qg5 26.Rf1 Qxf5 27.Rxf5 a6 28.Kf1 Rc8 29.Na4 a5 30.b3 b5
31.Nc5 c6 32.Nb7 Rc7 33.dxc6 Nh6 34.Rf2 Rxc6 35.Nxa5 Rc7 36.Rd2 Nf7 37.Rd5 Ng5
38.Rxb5 Rc2 39.Nc4 Nxe4 40.Bb2 Rxh2 41.Rb8+ Kf7 42.Rb7+ Kg6 43.Kg1 Re2 44.Nxe5+ Bxe5
45.Bxe5 Rxa2 46.b4 Ng5 47.Bb8 Nf3+ 48.Kf1 Rb2 49.b5 Nd4 50.b6 Nc6 51.Bf4 Kf5
52.Ke1 h5 53.Be3 Ke4 54.Bf2 Kf3 55.Rf7+ Kg2 56.Rf5 Nb4 57.Bc5 Nd3+ 58.Kd1 Nxc5
59.Rxc5 Rxb6 60.Rxh5 Re6 61.Rg5 Kxg3 62.Rg8 Kf3 63.Rf8+ Kg2 64.Rg8 g3 65.Kd2 Kf2
66.Rf8+ Kg1 67.Rg8 g2 68.Rh8 Re4 69.Kd3 Kf1 70.Rf8+ Ke1 71.Kxe4 g1=Q 72.Rf4 Ke2
73.Kf5 Qc5+ 74.Kg4 Qe5 75.Rf5 Qh2 76.Kg5 Ke3 77.Kg6 Ke4 78.Rf6 Qg3+ 79.Kf7 Qg4
80.Rg6 Qh5 81.Kg7 Kf5 82.Rf6+ Kg5 83.Rf7 Qg6+ 84.Kf8 Qd6+ 85.Kg7 Qe6 86.Kh8 Qe8+
87.Kg7 Qe5+ 88.Kh7 Kh5 89.Ra7 Qe4+ 90.Kg8 Qc4+ 91.Kh7 Qd3+ 92.Kg8 Qb3+ 93.Kh7 Qb1+  0-1

[Event "20th ch-MKD 2011"]
[Site "Skopje MKD"]
[Date "2011.05.14"]
[Round "5"]
[White "Menkinoski,R"]
[Black "Nedev,Tr"]
[Result "0-1"]
[WhiteElo "2331"]
[BlackElo "2475"]

1.d4 Nf6 2.c4 g6 3.Nc3 Bg7 4.e4 d6 5.Nf3 O-O 6.Be2 Nbd7 7.O-O e5 8.Be3 Re8
9.dxe5 dxe5 10.h3 c6 11.Qc1 Qe7 12.Rd1 Nc5 13.Qc2 Nh5 14.Bf1 Ne6 15.g3 Rf8
16.Qe2 Bd7 17.c5 Be8 18.Qc4 f6 19.Rd6 Bf7 20.Qd3 Rfd8 21.Rd1 Bf8 22.b4 Nhg7
23.Qc2 Rxd6 24.cxd6 Qd7 25.Na4 Bxd6 26.Bc5 Ne8 27.Qd2 Rd8 28.Bxa7 b5 29.Bb6 bxa4
30.Bxd8 Nxd8 31.Qc2 a3 32.Rd2 Qb7 33.Qa4 Ne6 34.Rc2 Bxb4 35.Rxc6 Nc5 36.Ba6 Nxa4
37.Bxb7 Nc3 38.Ne1 Nxa2 39.Nc2 Bf8 40.Rb6 Nc3 41.Bc6 a2 42.Ra6 Nc7 43.Ra5 Ne2+  0-1

[Event "TCh-NED"]
[Site "Netherlands NED"]
[Date "2011.05.15"]
[Round "9.1"]
[White "Bosman,M"]
[Black "Pruijssers,R"]
[Result "0-1"]
[WhiteElo "2330"]
[BlackElo "2483"]

1.d4 Nf6 2.c4 g6 3.Nc3 Bg7 4.e4 d6 5.Nf3 O-O 6.Be2 e5 7.O-O Nbd7 8.Be3 Re8
9.Qc2 exd4 10.Nxd4 c6 11.Rfd1 Qe7 12.f3 Nh5 13.g4 Nhf6 14.Qd2 Nc5 15.Bf2 Bxg4
16.Nc2 Rad8 17.e5 dxe5 18.Qe3 Bf5 19.Qxc5 Qxc5 20.Bxc5 Bxc2 21.Rxd8 Rxd8
22.Bxa7 Bh6 23.a4 Bf8 24.Bb6 Ra8 25.Bd1 Bd3 26.Be2 Bxe2 27.Nxe2 Nd7 28.Bc7 Bc5+
29.Kf1 Kf8 30.f4 f6 31.fxe5 fxe5 32.Ng3 Bb4 33.Ne4 Ke7 34.a5 Rf8+ 35.Ke2 Rf4
36.Ke3 Nf6 37.Ng3 Rxc4 38.Kd3 Rd4+ 39.Kc2 Rd2+ 40.Kb3 Bd6 41.Bxd6+ Rxd6 42.a6 bxa6
43.Rxa6 e4 44.Ra4 e3 45.Ra1 Re6 46.Kc4 Nd5 47.Ne2 Kd6 48.Kd3 g5  0-1

[Event "Serbian Cup 2011"]
[Site "Valjevo SRB"]
[Date "2011.05.16"]
[Round "1.1"]
[White "Jovic,Ste"]
[Black "Popovic,Du"]
[Result "0-1"]
[WhiteElo "2291"]
[BlackElo "2553"]

1.d4 Nf6 2.c4 g6 3.Nc3 Bg7 4.e4 d6 5.Be2 O-O 6.Nf3 e5 7.O-O Na6 8.Re1 Qe8
9.d5 Nc5 10.Bf1 a5 11.b3 Nh5 12.Be3 Bg4 13.Bxc5 dxc5 14.h3 Bd7 15.d6 Qd8
16.dxc7 Qxc7 17.Qd2 Nf4 18.Rad1 Rfd8 19.Nd5 Nxd5 20.exd5 Qd6 21.Qe2 f6 22.g3 Re8
23.Kh2 e4 24.Nh4 f5 25.f4 Bc3 26.a4 Re7 27.Qe3 Bxe1 28.Rxe1 Rg7 29.Ng2 b6
30.Qc3 Re8 31.Re3 h6 32.Be2 Kh7 33.Bd1 g5 34.Bh5 Ree7 35.Qe1 Rg8 36.Bd1 Reg7
37.Qf2 Kh8 38.Qb2 Kh7 39.Qe5 Qxe5 40.fxe5 Re7 41.e6 Bxe6 42.dxe6 Rd8 43.Bh5 Rd2
44.Bf7 f4 45.gxf4 gxf4 46.Rxe4 f3 47.Rg4 Rc7 48.Kg3 fxg2 49.Kf3 Ra7 50.Rxg2 Rxg2
51.Kxg2 Kg7 52.Kf3 Ra8 53.Ke4 Rd8 54.Ke5 Rd3 55.h4 Re3+ 56.Kd6 Kf6 57.Kd7 Rd3+
58.Kc6 Rxb3 59.Kd7 Re3 60.Kc6 Rb3 61.Kd7 Rd3+ 62.Kc6 Rd4 63.Kxb6 Rxc4 64.Kxa5 Rxh4
65.Kb5 Rb4+ 66.Kxc5 Rxa4 67.Kd6 Rd4+ 68.Kc5 Re4 69.Kd5 Rh4 70.Be8 Rg4 71.Bd7 Rg7
72.Ke4 h5 73.Kf4 h4 74.Kf3 Ke7  0-1

[Event "Serbian Cup 2011"]
[Site "Valjevo SRB"]
[Date "2011.05.16"]
[Round "1.9"]
[White "Zontakh,A"]
[Black "Sokic,D"]
[Result "1-0"]
[WhiteElo "2567"]
[BlackElo "1961"]

1.d4 Nf6 2.c4 g6 3.Nc3 Bg7 4.e4 d6 5.Nf3 O-O 6.Be2 e5 7.Be3 Nc6 8.d5 Ne7
9.Nd2 Nd7 10.b4 f5 11.f3 Rf7 12.c5 a5 13.Nb5 fxe4 14.fxe4 Nf6 15.O-O Ne8
16.Rxf7 Kxf7 17.bxa5 Rxa5 18.a4 Ng8 19.Rc1 Bf8 20.cxd6 Bxd6 21.Qc2 Bd7 22.Nc4 Ra8
23.Rf1+ Kg7 24.Qb2 Qe7 25.Bf4 h5 26.Bxe5+ Kh7 27.Nxc7 Bxc7 28.Bxc7 Nh6 29.Bf4 Rxa4
30.Bxh6 Kxh6 31.Qh8+ Kg5 32.Ne5 Rxe4 33.h4+ Kxh4 34.Nxg6+  1-0

[Event "TCh-UKR Clubs 2011"]
[Site "Alushta UKR"]
[Date "2011.05.17"]
[Round "5.2"]
[White "Brodsky,M"]
[Black "Strelnikov,S"]
[Result "1-0"]
[WhiteElo "2558"]
[BlackElo "2425"]

1.d4 Nf6 2.c4 g6 3.Nc3 Bg7 4.e4 d6 5.Be2 O-O 6.Nf3 e5 7.O-O Nbd7 8.Be3 exd4
9.Nxd4 Re8 10.f3 a6 11.Qd2 Ne5 12.Rfd1 Bd7 13.Rac1 h5 14.Bg5 Qb8 15.Nd5 Nh7
16.Bh4 Nc6 17.Bf2 Nf8 18.c5 dxc5 19.Rxc5 Ne6 20.Nxe6 Bxe6 21.b4 Rd8 22.a3 Rd7
23.Qf4 Ne5 24.Bd4 Bxd5 25.Bxe5 Bxe5 26.Qxe5 Be6 27.Rxd7 Bxd7 28.Bc4 Qd8 29.Rxc7 Rc8
30.Rxc8 Qxc8 31.Qc5 Qe8 32.Qd6 Be6 33.Bxe6 fxe6 34.h3 Qc8 35.a4 Kh7 36.Kh2 Qe8
37.a5 Qc8 38.h4 Kg7 39.Qe7+ Kg8 40.Qf6 Qe8 41.Kg3 Kh7 42.Kf4 Qb8+ 43.e5 Kh6
44.Qg5+ Kh7 45.Qe7+ Kh6 46.g4 hxg4 47.fxg4 Qg8 48.Kg3  1-0

[Event "TCh-UKR Clubs 2011"]
[Site "Alushta UKR"]
[Date "2011.05.17"]
[Round "5.4"]
[White "Razin,V"]
[Black "Martiyan,A"]
[Result "1-0"]
[WhiteElo "2311"]
[BlackElo "2172"]

1.d4 Nf6 2.Nf3 g6 3.c4 Bg7 4.Nc3 O-O 5.e4 d6 6.Be2 e5 7.O-O exd4 8.Nxd4 Re8
9.f3 c6 10.Kh1 Nbd7 11.Bf4 Ne5 12.Qd2 Qe7 13.Rad1 a6 14.Bg5 Qc7 15.Nc2 Re6
16.c5 dxc5 17.Qd8+ Ne8 18.f4 Nd7 19.Qxc7 Nxc7 20.Bg4 Nb6 21.Bxe6 Nxe6 22.Be7 Nc4
23.Na4 Nxb2 24.Nb6 Nxd1 25.Rxd1  1-0

[Event "TCh-UKR Clubs 2011"]
[Site "Alushta UKR"]
[Date "2011.05.17"]
[Round "5.1"]
[White "Kigel,D"]
[Black "Tantsiura,M"]
[Result "1-0"]
[WhiteElo "2198"]
[BlackElo "2100"]

1.d4 g6 2.c4 Nf6 3.Nc3 Bg7 4.e4 d6 5.Be2 O-O 6.Nf3 e5 7.O-O Nbd7 8.Qc2 c6
9.Rd1 Qc7 10.Rb1 a5 11.b3 Re8 12.dxe5 dxe5 13.Na4 b6 14.Ba3 Ba6 15.Bd6 Qb7
16.c5 b5 17.Nb2 h6 18.a4 Rac8 19.Rbc1 Re6 20.Bd3 Qa8 21.Qd2 bxa4 22.bxa4 Bxd3
23.Qxd3 Ne8 24.Nc4 Qa7 25.Qc3 Nxc5 26.Bxc5 Qxc5 27.Qxa5 Qxa5 28.Nxa5 Ra8
29.Nb3 Bf8 30.Ra1 Nf6 31.Nfd2 Bb4 32.a5 Bc3 33.Ra2 Bd4 34.Nxd4 exd4 35.f3 c5
36.Nc4 Nd7 37.Rb1 Rb8 38.Rab2 Rxb2 39.Rxb2 Kf8 40.Kf2 Ke8 41.Ke2 Kd8 42.Kd3 Kc7
43.Rb1 Ra6 44.e5 g5 45.Ke4 f6 46.exf6 Re6+ 47.Kd5 Rxf6 48.Re1 Rf5+ 49.Ke4 Rf7
50.Kd3 h5 51.Re6 Rf6 52.Re7 Kd8 53.Rg7 h4 54.h3 Rf5 55.Nd6 Rd5 56.Nc4 Rf5
57.Nd2 Kc8 58.Kc4 Ne5+ 59.Kb5 c4 60.Nxc4 Nxc4+ 61.Kxc4 Rxa5 62.Kxd4 Kd8 63.Ke4 Ke8
64.f4 gxf4 65.Rg4 Rh5 66.Rxf4 Rg5 67.Kf3  1-0

[Event "ch-KAZ 2011"]
[Site "Astana KAZ"]
[Date "2011.05.17"]
[Round "3"]
[White "Akkozov,B"]
[Black "Ospanov,N"]
[Result "0-1"]
[WhiteElo "2369"]
[BlackElo "2250"]

1.d4 Nf6 2.Nf3 d6 3.c4 g6 4.Nc3 Bg7 5.e4 O-O 6.Be2 e5 7.Be3 Ng4 8.Bg5 f6
9.Bh4 g5 10.Bg3 Nh6 11.c5 g4 12.Nh4 Nc6 13.cxd6 cxd6 14.dxe5 fxe5 15.Bc4+ Kh8
16.Qd2 Nf7 17.O-O Bf6 18.Nf5 Bxf5 19.exf5 Nd4 20.Bd5 Nxf5 21.Qd3 N7h6 22.Ne4 Nd4
23.Nxf6 Qxf6 24.Qe4 Rac8 25.Rad1 b6 26.Rd2 Nhf5 27.Rd3 h5 28.f4 gxf3 29.gxf3 Qg7
30.Kh1 Nxg3+ 31.hxg3 Qxg3 32.Rxd4 Rf4  0-1

[Event "9th Somov Mem"]
[Site "Kirishi RUS"]
[Date "2011.05.17"]
[Round "10"]
[White "Usmanov,V"]
[Black "Bajarani,U"]
[Result "1/2-1/2"]
[WhiteElo "2289"]
[BlackElo "2437"]

1.d4 d6 2.Nf3 Nf6 3.c4 g6 4.Nc3 Bg7 5.e4 O-O 6.Be2 e5 7.dxe5 dxe5 8.Qxd8 Rxd8
9.Bg5 Na6 10.Nd5 Rd6 11.Bxf6 Bxf6 12.b4 c6 13.Nxf6+ Rxf6 14.a3 Bg4 15.Nd2 Bxe2
16.Kxe2 c5 17.Rab1 Rd8 18.Nf3 cxb4 19.axb4 Rb6 20.b5 Nc5 21.Rhd1 Rxd1 22.Rxd1 Nxe4
23.Rd8+ Kg7 24.Nxe5 Re6 25.f4 f6 26.Nd3 a5 27.Kd1 Rd6 28.Rxd6 Nxd6 29.Nb2 Kf7
30.Kc2 Ke6 31.Kb3 Ne4 32.Na4 Kd6 33.Nb6 Kc5 34.Nd7+ Kd4 35.Ka4 Nc5+ 36.Nxc5 Kxc5
37.Kxa5 h6 38.h3 g5 39.fxg5 hxg5 40.g4 Kxc4 41.Kb6  1/2-1/2

[Event "ch-CZE"]
[Site "Pardubice CZE"]
[Date "2011.05.17"]
[Round "6"]
[White "Polak,T"]
[Black "Rasik,V"]
[Result "1/2-1/2"]
[WhiteElo "2526"]
[BlackElo "2485"]

1.d4 Nf6 2.c4 g6 3.Nc3 Bg7 4.e4 d6 5.Nf3 O-O 6.Be2 e5 7.O-O c6 8.Re1 Na6
9.Bf1 Bg4 10.d5 Ne8 11.h3 Bd7 12.c5 Nxc5 13.b4 cxd5 14.bxc5 d4 15.Na4 Qa5
16.Nb2 dxc5 17.Nc4 Qc7 18.a4 b6 19.Rb1 f6 20.Bd3 Kh8 21.Bc2 Rb8 22.Qe2 a6
23.Na3 Nd6 24.Bd3 Bxa4 25.Bxa6 Bc6 26.Nb5 Bxb5 27.Bxb5 Nxb5 28.Qxb5 c4 29.Re2 Rfd8
30.Rc2 c3 31.Ne1 f5 32.f3 Qb7  1/2-1/2

[Event "ch-Euro Indiv Women"]
[Site "Tbilisi GEO"]
[Date "2011.05.17"]
[Round "10"]
[White "Batsiashvili,N"]
[Black "Bodnaruk,A"]
[Result "0-1"]
[WhiteElo "2399"]
[BlackElo "2419"]

1.d4 Nf6 2.c4 g6 3.Nc3 Bg7 4.e4 d6 5.Nf3 O-O 6.Be2 e5 7.O-O c6 8.Re1 Nbd7
9.Bf1 a6 10.d5 c5 11.a3 Ne8 12.b4 h6 13.bxc5 dxc5 14.a4 Nd6 15.Ra3 f5 16.Bb2 f4
17.Nb1 h5 18.h3 Kh7 19.Nbd2 Kh6 20.Qa1 Nf7 21.Rd3 g5 22.d6 Re8 23.Nb3 a5
24.Red1 Re6 25.R1d2 b6 26.Qe1 Ba6 27.Rc3 Qf8 28.Na1 Rd8 29.Nc2 Nb8 30.Na3 Rexd6
31.Rxd6+ Nxd6 32.Rb3 Nd7 33.Nb5 Bxb5 34.cxb5 Qe7 35.Rd3 g4 36.hxg4 hxg4 37.Nh2 Nf6
38.Qd1 Qe6 39.Be2 Kg5 40.Bc1 c4 41.Bxg4 Nxg4 42.Rg3 Nf7 43.Rxg4+ Kf6 44.Qf3 Rd3
45.Qe2 Qd7 46.Nf1 c3 47.Rh4 Rd1 48.Bxf4 exf4 49.Rxf4+ Ke7 50.Qf3 Ne5 51.Qxc3 Rxf1+
52.Kxf1 Qd1+ 53.Qe1 Qxe1+ 54.Kxe1 Nd3+  0-1

[Event "Serbian Cup 2011"]
[Site "Valjevo SRB"]
[Date "2011.05.17"]
[Round "2.1"]
[White "Stojanovic,Mih"]
[Black "Markus,Rob"]
[Result "1-0"]
[WhiteElo "2574"]
[BlackElo "2629"]

1.Nf3 Nf6 2.c4 g6 3.Nc3 Bg7 4.e4 d6 5.d4 O-O 6.Be2 e5 7.dxe5 dxe5 8.Qxd8 Rxd8
9.Bg5 c6 10.Nxe5 Re8 11.O-O-O Na6 12.Rd6 Be6 13.f3 h6 14.Be3 Nxe4 15.Nxe4 Bxe5
16.Rd2 Bg7 17.Nd6 Re7 18.Bf2 h5 19.f4 Bg4 20.Bxg4 hxg4 21.h3 gxh3 22.Rxh3 b6
23.f5 Nc5 24.Bd4 Nd7 25.Kd1 Rd8 26.Bxg7 Kxg7 27.g4 Kf6 28.Rf3 Kg7 29.g5 f6
30.fxg6 Re6 31.Nf7  1-0

[Event "ch-Moscow KO"]
[Site "Moscow RUS"]
[Date "2011.05.18"]
[Round "1.4"]
[White "Dubov,Danii"]
[Black "Ageichenko,G"]
[Result "1-0"]
[WhiteElo "2505"]
[BlackElo "2352"]

1.Nf3 Nf6 2.c4 g6 3.Nc3 Bg7 4.e4 d6 5.d4 O-O 6.Be2 e5 7.O-O Nbd7 8.dxe5 dxe5
9.h3 c6 10.Be3 Qe7 11.Qc2 Ne8 12.Rfd1 Nc7 13.c5 Ne6 14.b4 a5 15.a3 Nd4 16.Qb2 Nxe2+
17.Qxe2 Re8 18.Nd2 b6 19.cxb6 axb4 20.axb4 Rxa1 21.Rxa1 Qxb4 22.Qc4 Qxc4
23.Nxc4 Bf8 24.Ra7 Nc5 25.Bxc5 Bxc5 26.Na4 Bd4 27.Nd6 Rf8 28.Nxc8 Rxc8 29.b7  1-0

[Event "ch-Moscow KO"]
[Site "Moscow RUS"]
[Date "2011.05.18"]
[Round "1.4"]
[White "Ulko,J"]
[Black "Sychev,K"]
[Result "1-0"]
[WhiteElo "2472"]
[BlackElo "2276"]

1.d4 Nf6 2.c4 g6 3.Nc3 Bg7 4.e4 d6 5.Nf3 O-O 6.Be2 e5 7.Be3 exd4 8.Nxd4 Re8
9.f3 c6 10.Bf2 d5 11.exd5 cxd5 12.c5 Nc6 13.O-O Re5 14.Re1 Bd7 15.Qd2 Qf8
16.Bf1 Bh6 17.f4 Rxe1 18.Rxe1 Rd8 19.h3 Bg7 20.Qd1 Ne4 21.Nxe4 dxe4 22.Nxc6 Bxc6
23.Qc2 Bd4 24.b4 a6 25.a4 Bxf2+ 26.Qxf2 Bxa4 27.Rxe4 Bc6 28.Rd4 Rxd4 29.Qxd4 Qe7
30.Bc4 Qe1+ 31.Kh2 Qe4 32.Qxe4 Bxe4 33.g4 Kf8 34.g5 Ke7 35.h4 Bf5 36.Bd5 Bc8
37.Kg3 Kf8 38.Kf2 Kg7 39.Ke3 h6 40.Kd4 hxg5 41.hxg5 f6 42.Be4 Kf7 43.Kd5 fxg5
44.fxg5 Ke7 45.Bxg6 Be6+ 46.Ke5 Bc4 47.Be4 Kd7 48.Bxb7 Kc7 49.Bd5 Bd3 50.Be4 Bc4
51.g6  1-0

[Event "ch-Moscow KO"]
[Site "Moscow RUS"]
[Date "2011.05.19"]
[Round "2.1"]
[White "Tilicheev,V"]
[Black "Belous,V"]
[Result "1/2-1/2"]
[WhiteElo "2361"]
[BlackElo "2519"]

1.Nf3 Nf6 2.c4 g6 3.Nc3 Bg7 4.e4 d6 5.d4 O-O 6.Be2 Na6 7.O-O e5 8.Be3 Ng4
9.Bg5 Qe8 10.d5 f5 11.Ne1 Bh6 12.h4 Bxg5 13.hxg5 Qe7 14.Bxg4 fxg4 15.Qd2 h6
16.gxh6  1/2-1/2

[Event "Serbian Cup 2011"]
[Site "Valjevo SRB"]
[Date "2011.05.19"]
[Round "4.4"]
[White "Zontakh,A"]
[Black "Markus,Rob"]
[Result "1/2-1/2"]
[WhiteElo "2567"]
[BlackElo "2629"]

1.d4 Nf6 2.c4 g6 3.Nc3 Bg7 4.e4 d6 5.Nf3 O-O 6.Be2 e5 7.Be3 c6 8.d5 Ng4 9.Bg5 f6
10.Bh4 c5 11.O-O Na6 12.Ne1 h5 13.Nd3 Qe7 14.a3 b6 15.h3 Nh6 16.f4 g5 17.fxg5 fxg5
18.Rxf8+ Bxf8 19.Bf2 g4 20.h4 Nf7 21.b4 Bd7 22.g3  1/2-1/2

[Event "Serbian Cup 2011"]
[Site "Valjevo SRB"]
[Date "2011.05.19"]
[Round "4.4"]
[White "Saric,S"]
[Black "Nenezic,M"]
[Result "1-0"]
[WhiteElo "2466"]
[BlackElo "2230"]

1.d4 Nf6 2.c4 g6 3.Nc3 Bg7 4.e4 d6 5.Nf3 O-O 6.Be2 e5 7.Be3 Ng4 8.Bg5 f6
9.Bc1 f5 10.exf5 exd4 11.Bg5 Qe8 12.Nd5 d3 13.Ne7+ Kh8 14.Qxd3 Bxf5 15.Nxf5 Rxf5
16.O-O Nd7 17.h3 Nge5 18.Qd2 Nc5 19.Bh6 Bxh6 20.Qxh6 Nxf3+ 21.Bxf3 Re5 22.Qd2 Qe6
23.b4 Ne4 24.Qd4 Nf6 25.Bxb7 Re8 26.Rad1 Re2 27.Bf3 Rxa2 28.Rde1  1-0

[Event "zt 2.5"]
[Site "Asuncion PAR"]
[Date "2011.05.20"]
[Round "5"]
[White "Richter Becerra,H"]
[Black "Sabas,J"]
[Result "1/2-1/2"]
[WhiteElo "2148"]
[BlackElo "2267"]

1.d4 Nf6 2.c4 g6 3.Nc3 Bg7 4.e4 d6 5.Nf3 O-O 6.Be2 e5 7.O-O exd4 8.Nxd4 Re8
9.f3 Nc6 10.Be3 Nh5 11.Nxc6 bxc6 12.Qd2 f5 13.Bg5 Bd4+ 14.Kh1 Bf6 15.Bxf6 Nxf6
16.Bd3 fxe4 17.Nxe4 Bf5 18.Nxf6+ Qxf6 19.Bxf5 Qxf5 20.Rfe1 Re6 21.h3 Rae8
22.Rxe6 Qxe6 23.Qa5 Qxc4 24.Qxc7 d5 25.Qxa7 d4 26.Qd7 Re2 27.a4 d3 28.Rd1 Re3
29.a5 Qa4 30.Qd8+ Kg7 31.Qc7+ Kh6 32.Rd2 Qd4 33.a6 Re2 34.a7 Rxd2 35.a8=Q Rd1+
36.Kh2 Qg1+ 37.Kg3 Qe1+ 38.Kh2 Qg1+ 39.Kg3 Qe1+ 40.Kg4 Qe6+ 41.Kf4 g5+  1/2-1/2

[Event "4th Beirut Open"]
[Site "Beirut LIB"]
[Date "2011.05.20"]
[Round "7.10"]
[White "Namir,M"]
[Black "Chahrour,Ibrahim"]
[Result "1/2-1/2"]
[WhiteElo "2203"]
[BlackElo "1960"]

1.d4 Nf6 2.c4 g6 3.Nc3 Bg7 4.e4 d6 5.Be2 O-O 6.Nf3 e5 7.dxe5 dxe5 8.Qxd8 Rxd8
9.Bg5 Re8 10.O-O-O h6 11.Bxf6 Bxf6 12.h4 c6 13.h5 g5 14.Nh2 Na6 15.Bg4 Nc5
16.Bxc8 Raxc8 17.Ng4 Bg7 18.Rd6 Re6 19.Rhd1 Rxd6 20.Rxd6 Ne6 21.Nd1 Nf4 22.Nde3 Nxh5
23.Nf5 Rc7 24.g3 f6 25.Ngxh6+ Bxh6 26.Nxh6+ Kg7 27.Nf5+ Kf7 28.Nh6+ Ke7 29.Nf5+ Kf7
30.Rd1 Ng7 31.Nd6+ Ke6 32.c5 b6 33.b4 Rd7 34.Rh1 bxc5 35.bxc5 Rc7 36.Rh8 Ke7
37.Rg8 Ne6 38.Nf5+ Kd7 39.Rg6 Nxc5 40.f3 Ke6 41.Rg8 Nb7 42.Kc2 Nd6 43.Ne3 Rh7
44.Ng4 Rf7 45.Kd3 c5 46.Rh8 c4+ 47.Kc2 Rd7 48.Ne3 Nb5 49.Nd5 Nd4+ 50.Kc3 Nxf3
51.Rh6 Rf7 52.Kxc4 Nd4 53.g4 Ne2 54.Rh8 Nf4 55.Re8+ Kd6 56.Rd8+ Kc6 57.Ne3 Ne6
58.Rh8 Nc7 59.Rh6 Na8 60.a4 Nb6+ 61.Kb4 a5+ 62.Kb3 Kc5 63.Nf5 Nc4 64.Kc3 Nb6
65.Kb3 Nc4 66.Kc3 Nb6 67.Kb3 Nc4 68.Kc3 Nb6 69.Kb3 Nc4 70.Ng3 Kd4 71.Nf5+ Kc5
72.Ng3 Kd4 73.Nf5+  1/2-1/2